00965 a2200181 45000010006000000050017000060080041000230030015000640400040000790800056001192450049001752640028002243000025002525050442002771000021007197000017007407000026007572520520260407155535.0260407a1949 arg spa dAR-UNSa-BCEJYS aAR-UNSa-BCEJYSbspacAR-UNSa-BCEJYS a519.2xProbabilidades y estadística matemática 10aMétodos estadísticos para investigadores 1aMadrid :bAguilarc1949 axxiv, 322 p.c22 cm. a1. Introducción - 2. Diagramas - 3. Distribuciones - 4. Pruebas de bondad de adaptación, independencia y homogeneidad con la tabla X - 5. Pruebas de significación de medidas, diferencias de medidas y coeficientes de regresión - 6. El coeficiente de correlación - 7. Correlaciones intraclase y el análisis de la varianza - 8. Nuevas aplicaciones del análisis de la varianza - 9. Los principios de estimación estadística.1 aRuiz Magan, Juan1 aFisher, R.A.1 aRuiz Rubio, Juan Jose